| 000 | 01187nam a2200289Ia 4500 | ||
|---|---|---|---|
| 001 | C9578 | ||
| 003 | IT-RoPAU | ||
| 008 | 130308s9999 xx 000 0 und d | ||
| 040 | _aIT-RoPAU | ||
| 040 | _cIT-RoPAU | ||
| 041 | _aITALIANO | ||
| 100 | _aSerra Michele | ||
| 100 | _gCodice Aut. SPICS: 1341 | ||
| 245 | _aLavafreddo e Cioccobuono-Neolingua e neovalori: quali le proposte televisive? | ||
| 245 | _bDal Cinema Alla Videorealta': spettacoli e spettatori Dentro e fuori la Tv | ||
| 250 | _a1a ed. | ||
| 260 | _aVENEZIA | ||
| 260 | _bCinit/Cineforum | ||
| 260 | _c1991 [1° Ed.:1991 - Ed.Ling.Originale:1991] | ||
| 300 | _a"16 p. (prefazione: no ; testo: 16 [pagine: 65-80])" | ||
| 500 | _aProfezie nella Comunicazione. Degrado Linguistico. Risvolti Etici dei Linguaggi. ritmo è Il Messaggio. Autorità Anonima della Comunicazione Televisiva. Divertimento è Il Messaggio. Labile Epistemologia della Televisione. Limitare Il consumo Televisivo. Non si Delega Agli Altri L'Educazione. Due Modi Attivi della Televisione a Scuola. Bibliografia. | ||
| 650 | _aSAGGI SUL CINEMA | ||
| 650 | _eCodice materia Spics: 6811 | ||
| 942 | _cBK | ||
| 957 | _71 | ||
| 999 |
_c83990 _d83990 |
||
| 999 | _g1 | ||